000 00320nam a22001337a 4500
008 250411b |||||||| |||| 00| 0 eng d
020 _a0044453566
050 _aHD6331
_b.T73
100 _aWOOD Stephen
245 _aThe Transformation of Work
260 _aUSA.
_bUnwin Hyman
_c1989
300 _axvi, 365p.
942 _cBK
999 _c2953
_d2953